000 00333nam a2200133 i 4500
001 bg
100 1 _aKOPETZ, H.
245 0 _aNiezawodność oprogramowania :
_bz niem. przeł. J. Wierzbicki /
_cH. Kopetz.
260 _aWarszawa,
_c1980.
040 _cBPK
041 _apol
942 _cKS
008 s pl f |000 0 pol
999 _c1514
_d1514
856 _uhttp://koha.tu.koszalin.pl/cgi-bin/koha/opac-detail.pl?biblionumber=1514
_yKatalog online BPK